La urbanización de México en el siglo XX /

Guardado en:
Detalles Bibliográficos
Autor principal: Garza, Gustavo (autor)
Formato: Libro
Idioma:Español
Publicado: México : El Colegio de México, Centro de Estudios Demográficos y de Desarrollo Urbano, 2003, c2003
Temas:
Etiquetas: Agrega una etiqueta
Sin etiquetas, Sé el primero en etiquetar este registro!

MARC

LEADER 00000nam^a2200000^a^4500
001 000171395
005 20250521000000.0
009 20260310101341.72
020 |a 968-12-1107-3 
037 |a Acervo ITESO - Biblioteca 
041 |a ESP 
082 |a 711. 4097206  |b GAR 
100 |a Garza, Gustavo  |e (autor) 
245 1 3 |a La urbanización de México en el siglo XX /  |c G. Garza. 
264 4 |a México :  |b El Colegio de México, Centro de Estudios Demográficos y de Desarrollo Urbano,  |c 2003, c2003 
300 |a 208 p. 
336 |a texto  |b txt  |2 rdacontenido 
337 |a sin mediación  |b n  |2 rdamedio 
338 |a volumen  |b nc  |2 rdasoporte 
649 |a XX 
650 |a Zonas Urbanas -  |z México -  |x Historia -  |y Siglo XX 
650 |a Uso del Suelo -  |z México -  |x Historia -  |y Siglo XX 
650 |a Planeación Regional -  |z México -  |x Historia -  |y Siglo XX 
650 |a Planeación Urbana -  |z México -  |x Historia -  |y Siglo XX 
650 |a Política Económica -  |z México -  |x Historia -  |y Siglo XX 
650 |a Política Urbana -  |z México -  |x Historia -  |y Siglo XX 
650 |a Desarrollo Económico-Social -  |z México -  |x Historia -  |y Siglo XX 
650 |a Desarrollo Regional -  |z México -  |x Historia -  |y Siglo XX 
650 |a Desarrollo Sustentable -  |z México -  |x Historia -  |y Siglo XX 
650 |a Desarrollo Urbano -  |z México -  |x Historia -  |y Siglo XX 
650 |a Urbanismo -  |z México -  |x Historia -  |y Siglo XX 
910 |a Fondo General 
920 |a Impresos - Libros 
930 |a Colección General 
905 |a 101 
901 |a 0500108641  |b IT1  |c ACC  |u 20250521 
902 |a https://opac.biblio.iteso.mx/vufind/Record/000171395